000 01003nam a2200289Ia 4500
001 Para_6057
003 CHAP
008 220125s1992 xx 000 0 und d
010 _a204837
040 _cCHAP
090 _aPA TESIS 648
100 _aSantiago Martínez, Guillermo
_9102368
245 _aExtracción y evaluación de la feronoma de marcaje de la mosca mexicana de la fruta, Anastrepha ludens (Loew) (Diptera :
_bTephritidae) /
_c por Guillermo Santiago Martínez
260 _aChapingo, Méx. :
_b el autor
300 _a77 h.
502 _aTesis (M.C. Esp. en Entomología y Acarología) CP Centro de Entomología y Acarología
650 _aAnastrepha ludens
_95487
650 _aFeromonas
_940358
710 _aColegio de Postgraduados. Centro de Entomología y Acarología
_9164258
901 _aPA TESIS 648
902 _aA
905 _a0000001992 0000000000 00
910 _a1992
942 _cPARA
942 _cPARA
_d1
999 _c204837
_d204837